LEADER 01365nam0-2200445-i-450- 001 990010032040403321 005 20160126095755.0 010 $a978-1-4822-4055-9$bhardback 035 $a001003204 035 $aFED01001003204 035 $a(Aleph)001003204FED01 035 $a001003204 100 $a20160126d2015----km-y0itay50------ba 101 0 $aeng 102 $aUS 105 $aa---a---001yy 200 1 $aBig data$ealgorithms, analytics, and applications$fKuan-Ching Li, Hai Jiang, Laurence T. Yang, Alfredo Cuzzocrea 210 $aBoca Raton, FL$cCRC Press Taylor & Francis Group$d2015 215 $aXXXVI, 462 p.$d26 cm 225 1 $aChapman & Hall/CRC Big Data Series 610 0 $aInformatica$aesposizione a livello elementare ed avanzato 610 0 $aTeoria dei dati 610 0 $aIntelligenza artificiale$aapprendimento e sistemi adattivi$asoluzione di problemi 676 $a005.7$v23$zita 700 1$aLi,$bKuan-Ching 701 1$aJiang,$bHai 701 1$aYang,$bLaurence T. 701 1$aCuzzocrea,$bAlfredo 801 0$aIT$bUNINA$gREICAT$2UNIMARC 901 $aBK 912 $a990010032040403321 952 $a125-E-9$bingr. 12/2016$fMA1 952 $a125-E-10$bingr. 13/2016$fMA1 959 $aMA1 962 $a68-01 962 $a68-02 962 $a68P01 962 $a68T05 962 $a68T20 997 $aUNINA LEADER 01358nam0-2200421---450- 001 990000769640203316 005 20081125162717.0 010 $a88-350-7685-4 035 $a0076964 035 $aUSA010076964 035 $a(ALEPH)000076964USA01 035 $a0076964 100 $a20011123h1985----km-y0itay50------ba 101 0 $aita 102 $aIT 105 $aa|||z|||001yy 200 1 $aDidattica e computer$equando e come il computer nella scuola$fPaolo Lollini 210 $aBrescia$cLa scuola$dcopyr. 1985 215 $a269 p.$cill.$d22 cm 225 2 $aInformatica e didattica 410 0$12001$aInformatica e didattica 606 0 $aDidattica$xImpiego [degli] Elaboratori$2BNCF 676 $a371.39445 700 1$aLOLLINI,$bPaolo$0482510 801 0$aIT$bsalbc$gISBD 912 $a990000769640203316 951 $aII.4. 1552(VI B Coll. 66/1)$b96771 L.M.$cII.4.$d00166633 951 $aII.4. 1552a(VI B Coll. 66/1 Bis)$b96772 L.M.$cII.4.$d00166634 959 $aBK 969 $aUMA 979 $aPATTY$b90$c20011123$lUSA01$h1751 979 $c20020403$lUSA01$h1724 979 $aPATRY$b90$c20040406$lUSA01$h1653 979 $aCOPAT6$b90$c20050920$lUSA01$h0946 979 $aANNAMARIA$b90$c20080808$lUSA01$h1036 979 $aANNAMARIA$b90$c20081125$lUSA01$h1627 996 $aDidattica e computer$9964197 997 $aUNISA LEADER 01729nam0 22003251i 450 001 UON00007712 005 20231205101918.849 100 $a20020107d1913 |0itac50 ba 101 $aita 102 $aIT 105 $a|||| 1|||| 200 1 $aStudi monografici sulla relazione ufficiale giapponese della guerra nel 1904-905$eFascicolo I. Il passaggio del fiume Yalu (7 schizzi e 2 tavole fuori testo)$fB. Balbi$gcon prefazione di Eugenio Barbarich 205 $aRoma : Stamperia Reale D. Ripamonti$b1913 210 $a101 p.$cill. ; 23 cm 215 $aEstratti dai fascicoli de "La nuova rivista di fanteria" 606 $aGIAPPONE$xSTORIA MODERNA$3UONC000266$2FI 606 $aGIAPPONE$xSTORIA$xGUERRA CON LA RUSSIA$3UONC005021$2FI 606 $aGIAPPONE$xSTORIA$xGUERRA CON LA RUSSIA (1904-1905)$3UONC100213$2FI 620 $aIT$dRoma$3UONL000004 620 $aIT$dMilano$3UONL000005 686 $aRARI GIA IV B$cRARI - GIAPPONE - STORIA MODERNA E CONTEMPORANEA$2A 700 1$aBalbi$bBartolomeo$3UONV006452$00 712 $aStamperia Reale D. Ripamonti $3UONV288383$4650 801 $aIT$bSOL$c20240220$gRICA 856 4 $uhttp://next.unior.it/sebina/repository/catalogazione/documenti/RARI GIA IV BA 1 bis.pdf$zRARI GIA IV BA 1 bis.pdf 899 $aSIBA - SISTEMA BIBLIOTECARIO DI ATENEO$2UONSI$uhttp://next.unior.it/sebina/repository/catalogazione/documenti/RARI GIA IV BA 1 bis.pdf 912 $aUON00007712 950 $aSIBA - SISTEMA BIBLIOTECARIO DI ATENEO$dSI RARI GIA IV B 001 $eSI YAM1553 7 001 996 $aStudi monografici sulla relazione ufficiale giapponese della guerra nel 1904-905$91176768 997 $aUNIOR